| 000 | 01111cam a22003497a 4500 | ||
|---|---|---|---|
| 003 | CHAP | ||
| 005 | 20220920172507.0 | ||
| 008 | 971013s1978 r 00010 d | ||
| 010 | _a12429 | ||
| 011 | _a13401 | ||
| 035 | _a17472 | ||
| 040 | _cCHAP | ||
| 090 | _aTesis | ||
| 100 | 0 | 0 |
_aCarrillo Villarreal, Miguel. _919545 |
| 245 | 1 | 3 | _aLa agricultura en las regiones ecológicas del estado de Nayarit |
| 260 |
_aChapingo, Méx. : _bEl autor, _c1978 |
||
| 300 |
_a63 h. _b: gráfs. ; mapa |
||
| 502 | _aTesis (Ing. Agr. Esp. en Fitotecnia) -- ENA. Departamento de Fitotecnia | ||
| 590 |
_aALEPH _b10 _c20130110 |
||
| 590 |
_aBATCH-UPD _b10 _c20130110 |
||
| 590 |
_aBATCH-UPD _b10 _c20130410 |
||
| 590 |
_aBATCH-UPD _b10 _c20130914 |
||
| 590 |
_aCONVERSION _b10 _c20130109 |
||
| 650 | 1 | 4 |
_aAgricultura _xNayarit. _91748 |
| 650 | 1 | 4 |
_aEcología agrícola. _935165 |
| 901 | _aBK | ||
| 942 |
_cTESIS _2local |
||
| 949 |
_bBC _cTES _d-41223 _eTS1 _i17472 _si |
||
| 949 |
_bBC _cTES _d-41225 _eTS2 _fc.2 _i17472 _si |
||
| 949 |
_bBC _cTES _d-41227 _eTS2 _fc.3 _i17472 _si |
||
| 949 |
_bBC _cTES _d-41228 _eBPP _fc.4 _i17472 _si |
||
| 999 |
_c12429 _d12429 |
||